000 00438nam a2200181Ia 4500
001 4925
005 20260306145830.0
008 260306t2001||||xx |||||||||||||| ||spa||
041 _aESP
082 _a331.8
_bL25
100 _aLarco, Giovanna
_eAUT
245 0 _aEstudio comparativo de la formación sindical en los países andinos
260 _c2001
300 _a
_c
650 _aGEN
654 _aCAN
942 _cLIB
_dJUS
_fJUS
_2ddc
_n
999 _c4925
_d4925